Animals at night : (Record no. 7203)
[ view plain ]
| 000 -LEADER | |
|---|---|
| fixed length control field | 00999nam a22002657a 4500 |
| 001 - CONTROL NUMBER | |
| control field | 7203 |
| 003 - CONTROL NUMBER IDENTIFIER | |
| control field | FISKH |
| 005 - DATE AND TIME OF LATEST TRANSACTION | |
| control field | 20250702133513.0 |
| 008 - FIXED-LENGTH DATA ELEMENTS--GENERAL INFORMATION | |
| fixed length control field | 250702b cb ||||| |||| 00| 0 eng d |
| 040 ## - CATALOGING SOURCE | |
| Original cataloging agency | FISKH |
| Language of cataloging | eng |
| Transcribing agency | FISKH |
| Modifying agency | FISKH |
| 050 ## - LIBRARY OF CONGRESS CALL NUMBER | |
| Classification number | PZ7 |
| 082 ## - DEWEY DECIMAL CLASSIFICATION NUMBER | |
| Classification number | 591.5 |
| 100 ## - MAIN ENTRY--PERSONAL NAME | |
| Personal name | De Agostini |
| 245 ## - TITLE STATEMENT | |
| Title | Animals at night : |
| Remainder of title | Animals in the field / |
| Statement of responsibility, etc. | De Agostini |
| 250 ## - EDITION STATEMENT | |
| Edition statement | This edition published in 2012 |
| 260 ## - PUBLICATION, DISTRIBUTION, ETC. | |
| Place of publication, distribution, etc. | London : |
| Name of publisher, distributor, etc. | Shubrook Bros Creative, |
| Date of publication, distribution, etc. | 2006. |
| 300 ## - PHYSICAL DESCRIPTION | |
| Extent | 24 pages : |
| Other physical details | color illustrations ; |
| Dimensions | 21 cm |
| 505 ## - FORMATTED CONTENTS NOTE | |
| Formatted contents note | C<br/> |
| 520 ## - SUMMARY, ETC. | |
| Summary, etc. | Published by De Agostini as an educational series companion, this colorful little paperback uses simple text and engaging photos or illustrations to introduce early readers to nocturnal animals—like raccoons, bats, owls, and field mice. |
| 521 8# - TARGET AUDIENCE NOTE | |
| Target audience note | 150<br/> |
| Source | Lexile estimate<br/> |
| 521 8# - TARGET AUDIENCE NOTE | |
| Target audience note | C<br/> |
| Source | Raz-Plus<br/> |
| 650 ## - SUBJECT ADDED ENTRY--TOPICAL TERM | |
| Topical term or geographic name entry element | Night-time wildlife |
| Form subdivision | Animal adaptations |
| General subdivision | Early nonfiction |
| 942 ## - ADDED ENTRY ELEMENTS (KOHA) | |
| Source of classification or shelving scheme | Dewey Decimal Classification |
| Koha item type | Books |
| Suppress in OPAC | No |
| Withdrawn status | Lost status | Source of classification or shelving scheme | Damaged status | Not for loan | Collection | Home library | Current library | Shelving location | Date acquired | Total Checkouts | Full call number | Barcode | Date last seen | Copy number | Price effective from | Koha item type |
|---|---|---|---|---|---|---|---|---|---|---|---|---|---|---|---|---|
| Dewey Decimal Classification | Non-Fiction | Footprints International School Library Network Toul Kork Campus | Footprints International School Library Network Toul Kork Campus | TK Primary Library Room(4th Floor), Bookcase 7, Shelves 57-60, Dark Green Books | 07/02/2025 | AGO 591.5 PZ7 | 2025-1728 | 07/02/2025 | 1 | 07/02/2025 | Books |
